Регионална библиотека "Любен Каравелов" - Русе

Вълчи апетит (Запис номер 145649)

MARC детайли
000 -Лидер
Контролно поле с фиксирана дължина 01707nam a2200361 c 4500
003 - Код на организацията, давaща контролен номер
Контролно поле BLK
005 - Дата и час на последна редакция
Контролно поле 20210706140403.0
008 - Елементи от данни с фиксирана дължина
fixed length control field 180410b bul|||||r ||||||| ||bul||
010 ## - Наследен системен номер
LC control number KNG00151831000
020 ## - Международен стандартен номер на книга ISBN
Международен стандартен номер на книга ISBN 83-10-09458-2
-- издат.: Наша Кшенгарня
020 ## - Международен стандартен номер на книга ISBN
Международен стандартен номер на книга ISBN 83-10-09458-2
-- издат.: Наша Кшенгарня
040 ## - Източник на каталожния запис
Идентификатор на билиотеката - собственик на записа BLK
041 ## - Код за език
Код за езика на текст/звукозапис или на отделно заглавие Български
Код за езика КДБФ Български
080 ## - УДК
Текстов определител УДК Полска литература
УДК код - определител по УДК 821.162.1
УДК определител -93-34
УДК - код + определител 821.162.1-93-34
100 1# - Редна дума - Автор
Автор Грабовски, Славомир
Авторска отговорност първи автор
R(LIN) 328805
139 ## - Редно поле
Редна дума Грабовски, Славомир и др.
Авторски знак Гра - Г 74
245 10 - Сведения за заглавието
Заглавие Вълчи апетит
Подзаглавни данни Приказка за деца
Редно поле (дума) Славомир Грабовски; съавт. Марек Нейман; прев. от пол. Ирина Занева-Попхристова; худож. Юлита Карвовска-Внучак.
257 ## - Страна на издаване
Страна на създаване/издаване България
-- Полша
260 ## - Област на издателските данни
-- Варшава ; София
Име на издателя, разпространителя и проч. Наша Кшенгарня
-- Отечество
Година на издаване 1989
Печатница отпеч. в Полша
300 ## - Физическа характеристика
Страници 24 с.
Илюстрации и др. с ил.
Размери/Мащаб 15Х16 см
380 ## - Жанр
Жанр Детска худож. лит.
500 ## - Общи забележки
Забележка Ориг. загл. Wilczy apetut.
653 ## - Ключова дума – ненормативна
Ключова дума детска литература
653 ## - Ключова дума – ненормативна
Ключова дума литература за деца
700 1# - Други автори (авторска отговорност)
Лично име Нейман, Марек
Автороска отговорност (Описва отношението между автора и произведението) съавт.
9 (RLIN) 101534
700 1# - Други автори (авторска отговорност)
Лично име Занева-Попхристова, Ирина
Автороска отговорност (Описва отношението между автора и произведението) прев. от пол.
9 (RLIN) 328806
700 1# - Други автори (авторска отговорност)
Лично име Карвовска-Внучак, Юлита
Автороска отговорност (Описва отношението между автора и произведението) худож.
9 (RLIN) 77020
852 ## - Местоположение
Форматна сигнатура Цб І 35227
856 4# - Електронен адрес и достъп
Електронен формат pdf - файл
Път до файла /url/
856 4# - Електронен адрес и достъп
Електронен формат pdf - файл
Път до файла /url/
942 ## - АРТИКУЛИ
Вид на библиотечния материал Книги
Скрит в OPAC Не
Koha issues (borrowed), all copies 1
944 ## - СЪЗДАВАНЕ И РЕДАКЦИЯ на ЗАПИСА
Създаване/Редакция Създаване
Дата на регистрацията/редакция 15.10.2013
Статус, дата на статуса 15.10.2013 - от С1,Р / 15.10.2013
Служител, извършил регистрацията/редакцията Ивайло_Василев
944 ## - СЪЗДАВАНЕ И РЕДАКЦИЯ на ЗАПИСА
Създаване/Редакция Редакция
Дата на регистрацията/редакция 15.10.2013
Статус, дата на статуса 15.10.2013 - от С1,Р / 15.10.2013
Служител, извършил регистрацията/редакцията
999 ## - СИСТЕМНИ КОНТРОЛНИ НОМЕРА
Koha biblionumber 145649
Koha biblioitemnumber 145649
Наличности
Код за отписване Код за изгубен артикул Източник на класификационната схема Код за повреда Коз за рестрикции Код за отдаване Артикулен № Име на библиотеката - собственик Име на библиотеката, в която се намира в момента Статус (Текущо местоположение) Дата на вписване в системата Местоположение - отдел Цена в лева Инвентарен номер Систематично азбучна сигнатура Баркод Номер на екземпляра Цена в евро Служебна бележка Служебен тип на артикула Бележка за публиката
  Не е изгубен Universal Decimal Classification Не е повреден без рестрикции ползва се в читалня 241937 Регионална библиотека "Любен Каравелов" Русе Регионална библиотека "Любен Каравелов" Русе Хранилище 1989-01-01 Хранилище 0.66 532009 Цб І 35227 120000532009 1 0.34 N: стар фонд Дата: 01.01.1989 Книги  
Изтеглен Не е изгубен Universal Decimal Classification Не е повреден без рестрикции заемане за дома 241938 Регионална библиотека "Любен Каравелов" Русе Регионална библиотека "Любен Каравелов" Русе Детски отдел 1989-01-01 Детски отдел 0.66 532010 ДХ 820/899/Г 74 532010 2 0.34 N: стар фонд Дата: 01.01.1989 Дата инв: 18.08.2015 Бележки инв: Д2015 Книги  
Изтеглен Не е изгубен   Не е повреден без рестрикции заемане за дома 241939 Регионална библиотека "Любен Каравелов" Русе Регионална библиотека "Любен Каравелов" Русе   1989-01-01 Детски отдел 0.66 532011 ДХ 820/899/Г 74 532011 3 0.34 N: стар фонд Дата: 01.01.1989 Дата инв: 18.08.2015 Бележки инв: Д2015 Книги Отч.N: 65/2017 , Дата: 04.12.2017
Изтеглен Не е изгубен Universal Decimal Classification Не е повреден без рестрикции заемане за дома 241940 Регионална библиотека "Любен Каравелов" Русе Регионална библиотека "Любен Каравелов" Русе Детски отдел 1989-01-01 Детски отдел 0.66 532012 ДХ 820/899/Г 74 532012 4 0.34 N: стар фонд Дата: 01.01.1989 Дата инв: 18.08.2015 Бележки инв: Д2015 Книги  
Изтеглен Не е изгубен Universal Decimal Classification Не е повреден без рестрикции заемане за дома 241941 Регионална библиотека "Любен Каравелов" Русе Регионална библиотека "Любен Каравелов" Русе Детски отдел 1989-01-01 Детски отдел 0.66 532013 ДХ 820/899/Г 74 532013 5 0.34 N: стар фонд Дата: 01.01.1989 Дата инв: 18.08.2015 Бележки инв: Д2015 Книги  
Vip Innovations Ltd, Rousse, Bulgaria 2025